000 00544nam a2200157 a 4500
005 20140412111259.0
008 010419s19uu xx 00 eng d
020 _a971-121-160-2
050 _aFil 232.921
_bVIL 1991
100 _aVillanueva, Rene O.
245 _aAng mahiwagang tala :
_bisan kuwento ng unang pasko /
_cRene O. Villanueva at Tomas Lacson; illustrated by Reynaldo Tiongson.
260 _aManila, Philippines :
_bAklat Adarna,
_c1990.
300 _a1v. (unp.) ; ill.
650 _aFirst Christmas, Philippines
999 _c103288
_d103288